| 000 | 02107nam a22002657a 4500 | ||
|---|---|---|---|
| 001 | 1914 | ||
| 003 | FISKH | ||
| 005 | 20231010134017.0 | ||
| 008 | 231010b cb ||||| |||| 00| 0 khr d | ||
| 040 |
_aFISKH _beng _cFISKH _dFISKH |
||
| 082 | _a636.7 | ||
| 100 | _aMaxwell, Arthur S. | ||
| 245 | _aឆ្កែសង្រ្គោះជីវិតម្ចាស់ / | ||
| 246 | _aSaved by his dog | ||
| 260 |
_aPhnom Penh : _bHome Health Education Service, _c2020. |
||
| 300 |
_a14 pages : _bcolor illustrations ; _c21 cm |
||
| 505 | _aI | ||
| 520 | _aជោកំពុងលេងយ៉ាងសប្បាយនៅមាត់បឹងជាមួយបងប្អូនស្រីនិងមិត្តភក្តិតូចៗរបស់គេជាច្រើននាក់។ ក្មេងខ្លះអ៊ុំទុកកម្សាន្ត ហើយខ្លះស្ទូចត្រី។ ជោ គឺជាក្មេងប្រុសដ៏ក្លហានម្នាក់ ទោះបីជាគេទើបតែមានអាយុត្រឹមតែបួនឆ្នាំក៏ដោយ។ វាកំពុងដើរលុយទឹកជាមួយក្មេងៗឯទៀតកាន់តែជ្រៅ ត្រឹមជើងដ៏ខ្លីរបស់វា ឬល្មមមិនឳ្យទទឹកអាវយឺតរបស់វា ដូចដែលឪពុកម្ដាយរបស់វាបានណែនាំ។ | ||
| 520 | _aJoe was at the lakeside with his sisters and their little friends having a very happy time. Some were paddling, others were fishing. Joe, although only four years old, was a very brave boy. He was wading out with the others just as far as his baby legs would take him - or rather, just as far as his short would let him for he had been told not to get out. | ||
| 521 | 8 |
_a450
_bLexile estimate |
|
| 521 | 8 |
_aI
_bRaz-Plus |
|
| 650 |
_aជោ _vឆ្កែ _xសង្គ្រោះ _yក្លាហាន |
||
| 650 |
_aJoe _vDog _xSave _yBrave |
||
| 942 |
_2ddc _cKHB _n0 |
||
| 999 |
_c1914 _d1914 |
||